Current Literature on Science of Science (Record no. 12223)

MARC details
000 -LEADER
fixed length control field 00373nam a2200121Ia 4500
022 ## - INTERNATIONAL STANDARD SERIAL NUMBER
ISSN 0379-4504
245 #0 - TITLE STATEMENT
Title Current Literature on Science of Science
260 ## - PUBLICATION, DISTRIBUTION, ETC. (IMPRINT)
Name of publisher Publication and Information Directorate
Place of publication New Delhi
500 ## - GENERAL NOTE
General note Ending Volume & Year: 16, 1987
500 ## - GENERAL NOTE
General note Starting Volume & Year: 12, 1983
942 ## - ADDED ENTRY ELEMENTS (KOHA)
Koha item type Bound Journal
Holdings
Withdrawn status Lost status Damaged status Not for loan Home library Current library Date acquired Accession Number Koha item type
      Bound journals RRII Library RRII Library 31/12/2021 12093J Bound Journal